Výpočtový program pre čistiarne mestských a priemyselných odpadových vôd s obsahom biologicky rozložiteľného organického znečistenia a nutrientov (najmä z potravinárskeho priemyslu)
Uložené v:
| Hlavný autor: | |
|---|---|
| Ďalší autori: | |
| Médium: | Rukopis Kniha |
| Jazyk: | Slovak |
| Vydavateľské údaje: |
2024
|
| Predmet: | |
| On-line prístup: | http://is.stuba.sk/zp/portal_zp.pl?podrobnosti=166607 |
| Tagy: |
Žiadne tagy, Buďte prvý, kto otaguje tento záznam!
|
MARC
| LEADER | 00000ntm a22000003a 4500 | ||
|---|---|---|---|
| 001 | stuzp99231 | ||
| 003 | SK-STU | ||
| 005 | 20240622210755.2 | ||
| 007 | ta | ||
| 008 | 150427s2015----xo-----f-mn---000-0-slo-d | ||
| 040 | |a STU |b slo | ||
| 041 | 0 | |a slo | |
| 100 | 1 | |a Vindyukov, Vasily |u 046290 |4 aut |U FCHPT Ústav chemického a environmentálneho inžinierstva |T FCHPT Oddelenie environmentálneho inžinierstva |X 110573 |U C6290 |Y 120 |7 110573 | |
| 242 | 0 | 1 | |a Wastewater treatment plant design program for urban and industrial wastewater with high content of biodegradable organic pollution and nutrients (mainly from food industry) |y eng |
| 245 | 1 | 0 | |a Výpočtový program pre čistiarne mestských a priemyselných odpadových vôd s obsahom biologicky rozložiteľného organického znečistenia a nutrientov (najmä z potravinárskeho priemyslu) |
| 260 | |c 2024 | ||
| 650 | 4 | |a odstraňovanie organického znečistenia a nutrientov |2 slo | |
| 650 | 4 | |a parametre ČOV na jednotku obyvateľstva |2 slo | |
| 650 | 4 | |a porovnanie ČOV |2 slo | |
| 650 | 4 | |a softvér na výpočet ČOV |2 slo | |
| 650 | 4 | |a čistiarne odpadových vôd (ČOV) |2 slo | |
| 650 | 4 | |a súčasná a budúca legislatíva pre ČOV |2 slo | |
| 650 | 4 | |a removal of organic pollution and nutrients |2 eng | |
| 650 | 4 | |a WWTP parameters per unit of population |2 eng | |
| 650 | 4 | |a comparison of WWTPs |2 eng | |
| 650 | 4 | |a software for WWTP calculation |2 eng | |
| 650 | 4 | |a wastewater treatment plants (WWTPs) |2 eng | |
| 650 | 4 | |a current and future legislation for WWTPs |2 eng | |
| 700 | 1 | |a Drtil, Miloslav |u 046000 |k Z1 |4 ths |U FCHPT Fakulta chemickej a potravinárskej technológie |T FCHPT Ústav chemického a environmentálneho inžinierstva |X 3377 |U C6000 |Y 104 |7 A000003377 | |
| 856 | 4 | |u http://is.stuba.sk/zp/portal_zp.pl?podrobnosti=166607 | |